Дело о разрешении директором дать маскарады Обществу посещения бедных и Благородному танцевальному собранию

Доступно только в Электронных читальных залах Найти на картеНа карте
RUSMARC
00004396nmc2a22000003x 450
00142b7c4e2-a47d-4aa9-987e-41616dc9a842
00520181226112128.0
100##$a20170628l18471848k l0rusy0189 ca
1010#$arus
102##$aRU
2001#$aДело о разрешении директором дать маскарады Обществу посещения бедных и Благородному танцевальному собранию
$j28 декабря 1847 г. - 12 января 1848 г.
251##$cДело
300##$aПо Санкт-Петербургской дирекции за 1847 год
300##$aОриг. заголовок дела: Дело по предписанию господина директора о даче с разрешения господина министра маскарадов: 1) Обществу посещения бедных в зале Дворянского собрания 3 января 1848 года 2) Благородному танцевальному собранию 9 января. 28 декабря 1847 г. - 12 января 1848 г
801#0$aRU
$bРГИА
$c20170628
$gRCR
801#1$aRU
$bГлавНИВЦ
$c20170628
$2rusmarc
801#2$aRU
$bПБ им. Б.Н. Ельцина
$c20181226
$gRCR
$2rusmarc
850##$aРГИА
852##$aРГИА
$eФедеральное казенное учреждение "Российский государственный исторический архив" (РГИА)
$j11423
937##$hРГИА
$d12246702
$aASBIBLIO_SCAN
462#0$1001dd3991dc-24e1-42ec-8838-ca4255420416
$12001
$aДирекция императорских театров (1746-1850 гг.)
$1251
$cОпись
$1852
$j1
461#0$10019264ebf8-de62-4f1a-9eb4-9f22098dbbd5
$12001
$aДирекция императорских театров Министерства императорского двора
$1251
$cФонд
$1852
$j497
215##$a9 л.
$d36,5х26 см
371##$aДокумент не является опубликованным и широко распространяемым
105##$ay###
1222#$ad
5171#$aДело по предписанию господина директора о даче с разрешения господина министра маскарадов: 1) Обществу посещения бедных в зале Дворянского собрания 3 января 1848 года 2) Благородному танцевальному собранию 9 января. 28 декабря 1847 г. - 12 января 1848 г
035##$a42b7c4e2-a47d-4aa9-987e-41616dc9a842
856##$uhttp://readingroom.main.prlib.ru/item.aspx?id_node=n122425799&mode=full
Формат отображения